Genus Quesnelia (Bromeliaceae, Bromelioideae) of Paraná State, Brazil (Registro n. 331158)
[ somente texto ]
| 000 -LÍDER | |
|---|---|
| fixed length control field | 02598nab a2200253 i 4500 |
| 003 - CÓDIGO MARC DA AGÊNCIA CATALOGADORA | |
| Campo de controle | BR-BrBNA |
| 005 - DATA E HORA DA ÚLTIMA ATUALIZAÇÃO | |
| Campo de controle | 20250423100033.0 |
| 008 - CAMPO DE TAMANHO FIXO | |
| fixed length control field | 250423b2017 bl.qr|pooa||| 00| 0 eng | |
| 040 ## - FONTE DA CATALOGAÇÃO | |
| Agência catalogadora | BR-BrBNA |
| Idioma da catalogação | eng |
| 072 ## - CATEGORIA AGRIS | |
| Código AGRIS | F70 |
| 100 ## - ENTRADA PRINCIPAL - NOME PESSOAL | |
| Nome pessoal | Oliveira, Fernanda Maria Cordeiro de |
| 100 ## - ENTRADA PRINCIPAL - NOME PESSOAL | |
| Nome pessoal | Tardivo, Rosângela Capuano |
| 245 ## - TÍTULO PRINCIPAL | |
| Título principal | Genus Quesnelia (Bromeliaceae, Bromelioideae) of Paraná State, Brazil |
| 500 ## - NOTA GERAL | |
| Nota geral | Publicação on-line; 30 ref.; 6 illus.; Summaries (En, Pt) |
| 942 ## - ADDED ENTRY ELEMENTS (KOHA) | |
| Koha item type | Analítica |
| 520 ## - NOTA DE RESUMO | |
| Nota de conteúdo | <br/><br/>Abstract<br/><br/>Quesnelia is a genus of the subfamily Bromelioideae (Bromeliaceae) with 20 species endemic to Brazil<br/>occurring from the south portion of the state of Bahia to the northern portion of the state of Santa Catarina.<br/>Quesnelia is subdivided into two subgenera: Quesnelia subg. Quesnelia and Quesnelia subg. Billbergiopsis. <br/>The purpose of this work was to conduct a taxonomic study of Quesnelia species from Paraná state (southern<br/>Brazil) along with morphological and taxonomic analysis of in vivo material and specimens in herbaria<br/>collections. Three taxa were found: Quesnelia humilis, Q. imbricata and Q. testudo. This work presents<br/>identification keys, morphological descriptions, geographical distribution, comments, illustrations and the<br/>conservation status of the studied taxa.<br/><br/>Key words: flora, monocotyledons, Southern Brazil.<br/><br/><br/><br/><br/>Resumo<br/><br/>Quesnelia pertence à subfamília Bromelioideae (Bromeliaceae) com 20 espécies, endêmicas do Brasil<br/>ocorrendo desde o sul da Bahia até o norte de Santa Catarina, enquadradas em dois subgêneros: Quesnelia<br/>subg. Quesnelia e Quesnelia subg. Billbergiopsis. Um estudo taxonômico do gênero para o Paraná foi realizado,<br/>consistindo de pesquisa bibliográfica, estudo morfológico e taxonômico de material in vivo e de exemplares<br/>das coleções de diversos herbários. São reconhecidos três táxons: Quesnelia humilis, Q. imbricata e Q. testudo. <br/>Chaves de identificação, descrições morfológicas, distribuição geográfica, comentários, ilustrações e o status<br/>de conservação dos táxons estudados são apresentados.<br/><br/>Palavras-chave: flora, monocotiledôneas, Sul do Brasil. |
| 650 ## - ASSUNTO - THESAGRO | |
| Cabeçalho tópico ou nome geográfico | FLORA |
| 650 ## - ASSUNTO - THESAGRO | |
| Cabeçalho tópico ou nome geográfico | MONOCOTILEDÔNEA |
| 650 ## - ASSUNTO - THESAGRO | |
| Cabeçalho tópico ou nome geográfico | SUL |
| 650 ## - ASSUNTO - THESAGRO | |
| Cabeçalho tópico ou nome geográfico | BRASIL |
| 773 0# - ENTRADA ANALÍTICA | |
| Host Biblionumber | 709 |
| Registro do item | 349992 |
| Imprenta | Rio de Janeiro-RJ Jardim Botanico do Rio de Janeiro 1935 |
| Outro identificador | 2025-2514 |
| Título | Rodriguésia (Brazil) |
| ISSN | 0370-6583; 2175-7860 on-line |
| Colação | v. 68(1) p. 195-207; (2017) |
| Número de controle de registro | BR2025000746 |
| 856 ## - ACESSO E ENDEREÇO ELETRÔNICO | |
| Identificador uniforme de recurso - URI | https://www.scielo.br/j/rod/a/RCStDPVVqX5F8SSrdj6gjfb/?format=pdf&lang=en |
Nenhum exemplar disponível.

BINAGRI